| 000 | 00536nam a2200157Ia 4500 | ||
|---|---|---|---|
| 008 | 191108s9999 xx 000 0 und d | ||
| 020 | _a978-1-58062-890-7 | ||
| 100 | _aSandler, Corey | ||
| 245 |
_cCorey Sandler & Janice Keefe.-- _a1001 letters for all occasions: _bThe best models for every business and personal needs / |
||
| 250 | _a` | ||
| 260 |
_aAvon, Mass. : _bAdams Media _c2004. |
||
| 300 |
_axi, 532 pages : _c23 cm. |
||
| 500 | _aIncludes index. | ||
| 650 | _a Letter writing. | ||
| 650 | _aEnglish language -- Rhetoric. | ||
| 999 |
_c362547 _d362547 |
||